Statistics: principles and methods

Gespeichert in:
Bibliographische Detailangaben
Hauptverfasser: Johnson, Richard Arnold (VerfasserIn), Bhattacharyya, Gouri K (VerfasserIn)
Format: Buch
Sprache:Spanisch
Veröffentlicht: Nueva York John Wiley 1996
Ausgabe:3a. ed
Schriftenreihe:Wiley Series in Probability and Statistics
Schlagworte:
Tags: Tag hinzufügen
Keine Tags, Fügen Sie den ersten Tag hinzu!

MARC

LEADER 00000nam a2200000 a 4500
001 UCQ3408
003 CL-VaPUC
008 980821e19960000US |||||||||||||||||spa|d
082 0 4 |a 519.5  |b JOH  |2 21 
100 |a Johnson, Richard Arnold  |e author  |9 605492 
700 0 |a Bhattacharyya, Gouri K  |e author  |9 417521 
245 1 0 |a Statistics: principles and methods 
250 |a 3a. ed 
300 |a 720 p 
942 |c BK 
945 |d 19980821 00:00:00  |a aarredon 
260 |a Nueva York  |b John Wiley  |c 1996 
650 0 |a Matemática  |9 260235 
650 0 |a Estadística   |9 259535 
650 0 |a Probabilidades   |9 260199 
650 0 |a Análisis de regresión   |9 263763 
650 0 |a Análisis de varianza   |9 336938 
583 |a last modification  |c 19980821 00:00:00  |k Rodrigo Vera 
490 0 |a Wiley Series in Probability and Statistics 
999 |c 273989  |d 273987 
952 |0 0  |1 0  |4 0  |6 519_500000000000000_JOH_1996  |7 0  |8 A  |9 310017  |a BIBGIM  |b BIBGIM  |d 2019-11-20  |i 3455912  |o 519.5 JOH 1996  |p 3455912  |r 2025-01-15  |w 2019-11-20  |y BK  |k EST 
952 |0 0  |1 0  |4 0  |6 519_500000000000000_JOH_1996  |7 0  |8 A  |9 310019  |a BIBGIM  |b BIBGIM  |d 2019-11-20  |i 3449041  |o 519.5 JOH 1996  |p 3449041  |r 2025-01-15  |w 2019-11-20  |y BK  |k EST